| 000 | 00521nam a2200181Ia 4500 | ||
|---|---|---|---|
| 003 | OSt | ||
| 005 | 20140321142800.0 | ||
| 008 | 140130s9999 xx 000 0 und d | ||
| 020 | _a0439465958 | ||
| 050 |
_aLB 1525.55 _b.On58 2004 |
||
| 100 | _aOnish, Liane | ||
| 245 |
_cLiane Onish. _aWord families : _b15 fun & easy reproducible games that build fundamental reading skills / |
||
| 260 |
_bScholastic, _c2004. _aNew York : |
||
| 300 |
_a45 p. : _bill. ; _c26 cm. |
||
| 440 | _v1 | ||
| 942 |
_cBK _2lcc |
||
| 999 |
_c42014 _d42014 |
||